Gps laboral (Registro nro. 317222)
[ vista simple ]
| 000 -ENCABEZADO | |
|---|---|
| Número de control [NR] | 01566nam a2200397 c 4500 |
| 005 - FECHA Y HORA DE LA ÚLTIMA TRANSACCIÓN | |
| control field | 20200329175334.0 |
| 008 - DE LONGITUD FIJA DE DATOS DE ELEMENTOS - INFORMACIÓN GENERAL | |
| Elementos de longitud fija [NR] | 200303s2019 sp |||fr|||| 00| 0 spa d |
| 020 ## - NUMERO INTERNACIONAL NORMALIZADO PARA LIBROS [R] | |
| Número Internacional Normalizado del libro [NR] | 9788413135908 |
| 040 ## - FUENTE DE CATALOGACION [NR] | |
| Agencia de catalogación original [NR] | CO-BoUCM |
| Idioma de catalogación [NR] | spa |
| Quien Cataloga | Deissy Garcia |
| Quien Clasifica | Deissy Garcia |
| 041 0# - CODIGO DE IDIOMA [R] | |
| Código de idioma para texto/pista de sonido o título separado [R] | Español |
| 100 1# - ASIENTO PRINCIPAL--NOMBRE PERSONAL [NR] | |
| Nombre personal [NR] | Rubiano Delgado, Ana María |
| ID Autoridad | 100030 |
| 245 10 - MENCION DE TITULO [NR] | |
| Título [NR] | Gps laboral |
| Mención de responsabilidad, etc. [NR] | Ana María Rubiano Delgado ...[y otros 17 ] ; dirección Juan Pablo López Moreno ; coordinación Laura Mojica Pérez, Juliana Morad Acero |
| 260 ## - PUBLICACION, DISTRIBUCION, ETC. (PIE DE IMPRENTA) [R] | |
| Lugar de publicación, distribución, etc. [R] | Bogotá |
| Nombre del editor, distribuidor, etc. [R] | Tirant lo Blanch |
| Fecha de publicación, distribución, etc. [R] | 2019 |
| 300 ## - DESCRIPCION FISICA [R] | |
| Extensión [R] | 797 páginas |
| 650 17 - ASIENTO SECUNDARIO DE MATERIA - TERMINO TEMATICO [R] | |
| 9 (RLIN) | 12790 |
| Término temático o nombre geográfico como elemento de entrada [NR] | Derecho laboral |
| Subdivisión geográfica [R] | Colombia |
| 650 17 - ASIENTO SECUNDARIO DE MATERIA - TERMINO TEMATICO [R] | |
| 9 (RLIN) | 18183 |
| Término temático o nombre geográfico como elemento de entrada [NR] | Jurisprudencia laboral |
| 700 1# - ASIENTO SECUNDARIO - NOMBRE PERSONAL [R] | |
| Nombre personal [NR] | Mutis Téllez, Camilo |
| 9 (RLIN) | 100031 |
| 700 1# - ASIENTO SECUNDARIO - NOMBRE PERSONAL [R] | |
| Nombre personal [NR] | Martínez Méndez, Santiago |
| 9 (RLIN) | 91553 |
| 700 1# - ASIENTO SECUNDARIO - NOMBRE PERSONAL [R] | |
| Nombre personal [NR] | González Umbarila, Giovanni |
| 9 (RLIN) | 100032 |
| 700 1# - ASIENTO SECUNDARIO - NOMBRE PERSONAL [R] | |
| Nombre personal [NR] | Jiménez Uribe, Iván |
| 9 (RLIN) | 100033 |
| 700 1# - ASIENTO SECUNDARIO - NOMBRE PERSONAL [R] | |
| Nombre personal [NR] | Prieto Monroy, Carlos |
| 9 (RLIN) | 100034 |
| 700 1# - ASIENTO SECUNDARIO - NOMBRE PERSONAL [R] | |
| Nombre personal [NR] | Cuervo Díaz, Camilo |
| 9 (RLIN) | 100035 |
| 700 1# - ASIENTO SECUNDARIO - NOMBRE PERSONAL [R] | |
| Nombre personal [NR] | Peláez Rafet, Verónica |
| 9 (RLIN) | 100036 |
| 700 1# - ASIENTO SECUNDARIO - NOMBRE PERSONAL [R] | |
| Nombre personal [NR] | Morad Acero, Juliana |
| 9 (RLIN) | 100037 |
| 700 1# - ASIENTO SECUNDARIO - NOMBRE PERSONAL [R] | |
| Nombre personal [NR] | Londoño Hidalgo, Julio |
| 9 (RLIN) | 100038 |
| 700 1# - ASIENTO SECUNDARIO - NOMBRE PERSONAL [R] | |
| Nombre personal [NR] | Córdoba Escamilla, Luis A. |
| 9 (RLIN) | 100039 |
| 700 1# - ASIENTO SECUNDARIO - NOMBRE PERSONAL [R] | |
| Nombre personal [NR] | Lagos Prieto, Rocío |
| 9 (RLIN) | 100040 |
| 700 1# - ASIENTO SECUNDARIO - NOMBRE PERSONAL [R] | |
| Nombre personal [NR] | López Moreno, Juan Pablo |
| 9 (RLIN) | 100041 |
| 700 1# - ASIENTO SECUNDARIO - NOMBRE PERSONAL [R] | |
| Nombre personal [NR] | Moreno Enríquez, Óscar |
| 9 (RLIN) | 100042 |
| 700 1# - ASIENTO SECUNDARIO - NOMBRE PERSONAL [R] | |
| Nombre personal [NR] | Acevedo Gámez, Diego |
| 9 (RLIN) | 100043 |
| 700 1# - ASIENTO SECUNDARIO - NOMBRE PERSONAL [R] | |
| Nombre personal [NR] | Duarte González, Luz Ángela |
| 9 (RLIN) | 100044 |
| 710 1# - ASIENTO SECUNDARIO - NOMBRE CORPORATIVO [R] | |
| Nombre corporativo o de jurisdicción como elemento de entrada [NR] | Cuervo Díaz, Diana |
| 9 (RLIN) | 100045 |
| 710 1# - ASIENTO SECUNDARIO - NOMBRE CORPORATIVO [R] | |
| Nombre corporativo o de jurisdicción como elemento de entrada [NR] | Castellanos López, Alejandro |
| 9 (RLIN) | 100046 |
| 942 ## - ELEMENTOS DE ENTRADA AGREGADOS (KOHA) | |
| Tipo de ítem principal el descrito en 300a | Libro |
| Sistema de clasificación | DEWEY |
| Tema principal | Derecho |
| Edición | 20 |
| Clasificación | 344.01 |
| Parte restante de la signatura top. | R896g |
| Fecha de último préstamo | Total préstamos | Total Renewals | Signatura topográfica | Código de barras | Última vez visto | Ejemplar | Costo de reposición | Price effective from | Tipo de ítem | Perdido | Sistema de clasificación | Dañado | No prestable | Tipo de ítem específico | Suprimido | Ubicación habitual | Ubicación actual | Localización | Fecha de creación | Proveedor | Forma de adquisición | Costo |
|---|---|---|---|---|---|---|---|---|---|---|---|---|---|---|---|---|---|---|---|---|---|---|
| 17/05/2025 | 11 | 10 | 344.01 R896g | 100166009 | 05/12/2025 | Ej.1 | 209900.00 | 02/03/2020 | Libro | DEWEY | Libro | Claustro | Claustro | 3er piso | 02/03/2020 | 37 | Compra | 209900.00 |